UBT Library

Inventors and discoverers : (Record no. 39659)

000 -LEADER
fixed length control field 00693pam a2200229 a 4500
001 - CONTROL NUMBER
control field 1020927
005 - DATE AND TIME OF LATEST TRANSACTION
control field 20180104040232.0
008 - FIXED-LENGTH DATA ELEMENTS--GENERAL INFORMATION
fixed length control field 880627s1988 dcua 001 0 eng
010 ## - LIBRARY OF CONGRESS CONTROL NUMBER
LC control number 88022375
020 ## - INTERNATIONAL STANDARD BOOK NUMBER
International Standard Book Number 0870447513 (alk. paper) :
Terms of availability $19.95
020 ## - INTERNATIONAL STANDARD BOOK NUMBER
International Standard Book Number 0870447521 (deluxe : alk. paper) :
Terms of availability $29.95
020 ## - INTERNATIONAL STANDARD BOOK NUMBER
International Standard Book Number 087044753X (lib. bdg. : alk. paper) :
Terms of availability $31.95
040 ## - CATALOGING SOURCE
Original cataloging agency DLC
Transcribing agency DLC
Modifying agency DLC
041 ## - LANGUAGE CODE
Language code of text/sound track or separate title eng
080 ## - UNIVERSAL DECIMAL CLASSIFICATION NUMBER
Universal Decimal Classification number 609 SOC
082 00 - DEWEY DECIMAL CLASSIFICATION NUMBER
Classification number 609 SOC
Edition number 19
100 ## - Rafti
Rafti 27
101 ## - Shkurtesa
Shkurtesa IM
245 00 - TITLE STATEMENT
Title Inventors and discoverers :
Statement of responsibility, etc [prepared by National Geographic Book Service].
906 ## - LOCAL DATA ELEMENT F, LDF (RLIN)
a 7
b cbc
c orignew
d 1
e ocip
f 19
g y-gencatlg
942 ## - ADDED ENTRY ELEMENTS (KOHA)
Source of classification or shelving scheme
Item type Books
Holdings
Withdrawn status Lost status Source of classification or shelving scheme Damaged status Not for loan Collection code Permanent location Current location Shelving location Date acquired Total Checkouts Full call number Barcode Date last seen Price effective from Koha item type
          Koleksioni i përgjithshem UBT - Lipjan UBT - Lipjan Koleksioni i përgjithshem 01/04/2018   609 SOC 002-2994237 01/04/2018 01/04/2018 Books
UBT Library © 2015-2024. All rights reserved University Education for Business and Technology